Maratha polity (Record no. 502187)

000 -LEADER
fixed length control field 00331cam a22001217a 4500
008 - FIXED-LENGTH DATA ELEMENTS--GENERAL INFORMATION
fixed length control field 180718b1942 xxu||||| |||| 00| 0 eng d
082 ## - DEWEY DECIMAL CLASSIFICATION NUMBER
Classification number B5x5404 P969
100 ## - MAIN ENTRY--PERSONAL NAME
Personal name Puntambeka, S.V.
245 ## - TITLE STATEMENT
Title Maratha polity
Statement of responsibility, etc. by S.V. Puntambekar
260 ## - PUBLICATION, DISTRIBUTION, ETC.
Place of publication, distribution, etc. Lahore
Name of publisher, distributor, etc. The Minerva Book Shop
Date of publication, distribution, etc. 1942
300 ## - PHYSICAL DESCRIPTION
Extent 41p.
650 ## - SUBJECT ADDED ENTRY--TOPICAL TERM
Topical term or geographic name entry element Maratha government
Holdings
Withdrawn status Lost status Damaged status Not for loan Permanent Location Current Location Date acquired Full call number Barcode Date last seen Price effective from Koha item type
        Indian Institute of Public Administration Indian Institute of Public Administration 2018-08-04 B5x5404 P969 GR7962 2018-08-04 2018-08-04 GR

Powered by Koha